Responses for show #7379 - Thursday, October 13, 2016

WE ASKED: Melissa Harris-Perry.

Contestants

Amanda Watson, a medical student from Tulsa, Oklahoma

Bhaskara Marthi, a researcher from Sunnyvale, California

Susan Cole, a legislative librarian from Bowie, Maryland (whose 1-day cash winnings total $20,600)

Jeopardy! Round responses

TV THEMES
MATH
GEOGRAPHIC TERMS
LADIES & GENTLEMEN
STEP RIGHT "UP"
CIRCUS PERFORMERS
    $200 16
The Addams Family

Bhaskara
    $200 2
a coin flip

Bhaskara
    $200 6
a basin

Bhaskara
    $200 9
Angela Merkel

Amanda
    $200 8
up close

Amanda
    $200 10
a cannonball

Susan
    $400 19
The Big Bang Theory

Amanda
    $400 3
integers

Amanda
    $400 4
an oasis

Bhaskara
    $400 23
a vacuum cleaner

Susan
    $400 11
uptown

Susan
    $600 20
The Young and the Restless

Triple Stumper
    $600 5
cosine

Amanda
    $600 1
the Aegean

Bhaskara
    $600 24
(Alex: Yes, less than a minute now.)

Bruce Lee

Susan
    $600 12
an uppercut

Susan
    $600 29
[The end-of-round signal sounds.]

a clown

Amanda
    $800 21
Orange Is the New Black

Susan
    $800 7
dividing by zero

Amanda
    $800 14
the Pampas

Amanda
    $800 25
Bloomberg

Bhaskara
    $800 13
upscale

Amanda
    $800 28
a sword swallower

Amanda
    $1000 22
The Muppet Show

Triple Stumper
    $2,000 15
(Amanda: Um, what is infinity?)

a point

Amanda
    $1000 17
a pond

Amanda
    $1000 26
(Maria) Montessori

Susan
    $1000 18
upcycle

Amanda
    $1000 27
the Flying Wallendas

Triple Stumper

Scores at the first commercial break (after clue 15):

Susan Bhaskara Amanda
$1,200 $1,400 $1,800

Scores at the end of the Jeopardy! Round:

Susan Bhaskara Amanda
$4,000 $2,400 $5,600

Double Jeopardy! Round responses

STATE YOUR CASE
TRANSPORTATION
PREPOSITIONAL IDIOMS
WORLD HISTORY
A POETIC CATEGORY
"N"TERTAINMENT
    $400 22
Kansas

Amanda
    $400 28
(Alex: Yes, the [*] Baron.)

red

Susan
    $400 1
yourself

Bhaskara
    $400 6
the Aboriginals

Susan
    $400 11
Limerick

Susan
    $400 16
Nielsen

Amanda
    $800 23
Maryland

Amanda
    $800 29
Mack

Susan
    $800 2
the weather

Bhaskara
    $3,000 7
(Susan: Who is Monroe?)

Simón Bolívar

Susan
    $800 12
(Susan: Who is Dan McGrew?)

Hiawatha

Susan
Triple Stumper
    $800 17
Night at the Museum

Susan
    $1200 24
Arizona

Bhaskara
    $2,000 30
(Susan: What are trains?)

rafts

Susan
    $1200 3
the woods

Susan
    $1200 8
Arthur (Prince of Wales)

Susan
    $1200 13
(Maya) Angelou

Susan
    $1200 18
Chris Noth

Bhaskara
    $1600 25
Virginia

Susan
    $1600 20
the 707

Susan
    $1600 4
naked

Susan
    $1600 9
Manchuria

Bhaskara
    $1600 14
Alfred Lord Tennyson

Triple Stumper
    $1600 19
Neon Trees

Triple Stumper
    $2000 26
(Susan: What is North Carolina?)
...
(Alex: All right, less than a minute now, Susan.)

Alabama

Susan
Triple Stumper
    $2000 27
a covered wagon

Amanda
    $2000 5
(Bhaskara: What is fit as a fiddle?)

over the moon

SusanBhaskara
    $2000 10
(Amanda: Who is Louis?)

Charles

Amanda
Triple Stumper
    $2000 15
Ezra Pound

Triple Stumper
    $2000 21
Nip/Tuck

Amanda

Scores at the end of the Double Jeopardy! Round:

Susan Bhaskara Amanda
$9,400 $5,600 $9,200

[wagering suggestions for these scores]

Final Jeopardy! Round responses

THE OSCARS
BhaskaraWho is Clint Eastwood
$5,000
AmandaWho is Clint Eastwood?
$2,001
SusanWho is Clint Eastwood?
$9,000
Clint Eastwood

Final scores:

Susan Bhaskara Amanda
$18,400 $10,600 $11,201
2-day champion: $39,000 3rd place: $1,000 2nd place: $2,000

Game dynamics:

Coryat scores:

Susan Bhaskara Amanda
$14,400 $5,600 $11,200
19 R,
4 W
(including 2 DDs)
11 R,
1 W
17 R,
2 W
(including 1 DD)

Combined Coryat: $31,200

The J! Archive is created by fans, for fans. The Jeopardy! game show and all elements thereof, including but not limited to copyright and trademark thereto, are the property of Jeopardy Productions, Inc. and are protected under law. This website is not affiliated with, sponsored by, or operated by Jeopardy Productions, Inc. Join the discussion at JBoard.tv.